Francês - Statistics

Estatísticas Gerais
  • Esse quiz foi jogado 115 vezes
  • A pontuação média é 5 de 15
Estatísticas das Respostas
Hint Resposta % Correto
Gato Chat
87%
Vermelho Rouge
80%
Cão Chien
75%
Um Une
64%
Telefone Téléphone
59%
Praia Plage
42%
Gelo La glace
31%
Cama Lit
31%
Futebol Football
20%
Dinheiro De l'argent
18%
Médico Docteur
16%
Gelado Glace froide
11%
Prédio Immeuble
6%
Carro Auto
2%
Comboio Former
1%
Nenhum quiz correspondente encontrado
Distribuição das Pontuações
Porcentagem de Pessoas com Cada Pontuação
Percentil de Números Respondidos
Sua Pontuação Histórica
Você não jogou esse quiz